| 000 | 00536nam a2200181 a 4500 | ||
|---|---|---|---|
| 005 | 20140310183247.0 | ||
| 008 | 040901s19uu xx 00 eng d | ||
| 020 | _a0199142432 | ||
| 050 |
_aQA 43 _b.Sa126 2003 |
||
| 100 | _aSadler, A.J. | ||
| 245 |
_aUnderstanding pure mathematics / _cA,J. Sadler. |
||
| 260 |
_aOxford : _bUniversity Press, _c2003. |
||
| 300 |
_a602 p. : _bill. ; _c26 cm. |
||
| 650 |
_aMathematics _xExaminations, questions, etc. |
||
| 700 | _aThorning, D.W.S., jt. aut. | ||
| 942 |
_cBK _2lcc _kFOR |
||
| 999 |
_c20701 _d20701 |
||